01189nam a2200253 a 450000100100000000500170001000800410002704000250006808200180009324501240011124600860023526000540032130000270037559000250040265000450042765000440047265000450051665000240056171000580058591000370064395201160068095201220079699900170091800004376920201002044948.0140428s20uu dr a 000 0 spa d aDO-SdBNPbspacBNPHU a306.85bC744v00aConciliar vida familiar y laboral :bconvenio núm. 156 de la OIT sobre trabajadores con responsabilidades familiares.14aConvenio núm. 156 de la OIT sobre trabajadores con responsabilidades familiares aSanto Domingo :bMinisterio de la Mujer,c[200?]. a15 p. :bil. ;c21 cm. aInventariado,2018/DG 4aDerecho de familiaxLegislación949528 4aTrabajo y familiaxLegislación971608 4aBienestar familiarxLegislación971609 4aPadres e hijos97962 aOrganización Internacional del Trabajo (OIT)945128 aValidado. Control de calidad EMS 0010718PDaPDbPDcHDd2014-04-28iLF1l0o306.85 C744vp43769-10r2020-06-25w2020-06-25yLFPDZNo se presta 0010718PDaPDbPDcHDd2014-04-28iLF1l0o306.85 C744vp43769-20r2020-06-25te. 2w2020-06-25yLFPDZNo se presta c43258d43258